000 01513nam a2200373 a 4500
001 000116327
003 CHAP
005 20220329144610.0
008 191209s2019 mx a |sm |||||||spa d
010 _a112788
011 _a113760
040 _cCHAP
090 _aTesis
100 1 _aVázquez Chavira, Francisco Vicente.
_9137144
245 1 0 _aCaracterización de la carga de combustibles superficiales y aéreos en los bosques de oyamel (Abies religiosa H.B.K.)Schl et Cham de Milpa Alta. Ciudad de México
_h[En línea]
_cpor Francisco Vicente Vázquez Chavira y Juan Pablo Zamarripa Molina.
260 _aChapingo, Méx. :
_bEl autor,
_c2019.
500 _aPara ver el contenido del material haga clic en la liga
502 _aTesis (Ing. en Restauración Foreastal) -- UACH. División de Ciencias Forestales
590 _aBATCH-UPD
_b05
_c20191209
_lUCH01
_h1245
590 _aBATCH-UPD
_b05
_c20191209
_lUCH01
_h1248
590 _aE6339RRR
_b05
_c20191209
_lUCH01
_h1244
590 _aE6339RRR
_b05
_c20191209
_lUCH01
_h1244
590 _aE6339RRR
_b05
_c20191209
_lUCH01
_h1247
650 1 4 _aBosques y clima.
_914427
650 1 4 _aBosques
_xIncendios.
_914211
650 1 4 _aBosques
_xPreservación
_zMéxico (D.F.).
_9127462
650 1 4 _aCombustibles.
_925554
650 1 4 _aOyamel
_xFisiología y morfología.
_9126838
700 1 _aZamarripa Molina, Juan Pablo.
_9137145
856 _aFinding aid
_uhttp://10.13.5.2/tesis/sist116327.pdf
_zTeclea aquí
901 _aBK
942 _cTESIS
942 _n0
999 _c112788
_d112788